MyGZULibrary

Theory and practice of finite elements / (Record no. 6038)

MARC details
000 -LEADER
fixed length control field 01009cam a22002774a 4500
001 - CONTROL NUMBER
control field 13408271
003 - CONTROL NUMBER IDENTIFIER
control field GZU
005 - DATE AND TIME OF LATEST TRANSACTION
control field 20210415095510.0
008 - FIXED-LENGTH DATA ELEMENTS--GENERAL INFORMATION
fixed length control field 031118s2004 nyua b 001 0 eng
010 ## - LIBRARY OF CONGRESS CONTROL NUMBER
LC control number 2003066022
020 ## - INTERNATIONAL STANDARD BOOK NUMBER
International Standard Book Number 0387205748 (alk. paper)
040 ## - CATALOGING SOURCE
Original cataloging agency DLC
Transcribing agency DLC
Modifying agency DLC
042 ## - AUTHENTICATION CODE
Authentication code pcc
050 00 - LIBRARY OF CONGRESS CALL NUMBER
Classification number TA347.F5
Item number ERN 2003
100 1# - MAIN ENTRY--PERSONAL NAME
Personal name Ern, Alexandre,
Dates associated with a name 1967-
Relator term author
245 10 - TITLE STATEMENT
Title Theory and practice of finite elements /
Statement of responsibility, etc. Alexandre Ern, Jean-Luc Guermond.
260 ## - PUBLICATION, DISTRIBUTION, ETC.
Place of publication, distribution, etc. New York :
Name of publisher, distributor, etc. Springer,
Date of publication, distribution, etc. c2003.
300 ## - PHYSICAL DESCRIPTION
Extent xiii, 524 p. :
Other physical details ill. ;
Dimensions 24 cm.
504 ## - BIBLIOGRAPHY, ETC. NOTE
Bibliography, etc. note Includes bibliographical references and index.
650 #0 - SUBJECT ADDED ENTRY--TOPICAL TERM
Topical term or geographic name entry element Finite element method.
700 1# - ADDED ENTRY--PERSONAL NAME
Personal name Guermond, Jean-Luc.
Relator term author
856 42 - ELECTRONIC LOCATION AND ACCESS
Materials specified Publisher description
Uniform Resource Identifier <a href="http://www.loc.gov/catdir/enhancements/fy0813/2003066022-d.html">http://www.loc.gov/catdir/enhancements/fy0813/2003066022-d.html</a>
856 41 - ELECTRONIC LOCATION AND ACCESS
Materials specified Table of contents only
Uniform Resource Identifier <a href="http://www.loc.gov/catdir/enhancements/fy0813/2003066022-t.html">http://www.loc.gov/catdir/enhancements/fy0813/2003066022-t.html</a>
906 ## - LOCAL DATA ELEMENT F, LDF (RLIN)
a 7
b cbc
c orignew
d 1
e ocip
f 20
g y-gencatlg
942 ## - ADDED ENTRY ELEMENTS (KOHA)
Source of classification or shelving scheme Library of Congress Classification
Koha item type Books
Classification part 347.F5
Item part ERN
Call number prefix TA
Holdings
Withdrawn status Lost status Source of classification or shelving scheme Damaged status Not for loan Collection code Home library Current library Shelving location Date acquired Inventory number Total Checkouts Full call number Barcode Date last seen Copy number Price effective from Koha item type
    Library of Congress Classification     Non-fiction City Campus Library City Campus Library General Stacks 04/15/2021 4974   TA347.F5 ERN 2003 G20702 04/15/2021 c. 1 04/15/2021 Books